Uttarada santa parampare. (Record no. 107477)

MARC details
000 -LEADER
fixed length control field 00660nam a2200205Ia 4500
003 - CONTROL NUMBER IDENTIFIER
control field OSt
005 - DATE AND TIME OF LATEST TRANSACTION
control field 20250816114414.0
008 - FIXED-LENGTH DATA ELEMENTS--GENERAL INFORMATION
fixed length control field 210210b2003 xxu||||| |||| 00| 0 eng d
040 ## - CATALOGING SOURCE
Transcribing agency AL
041 ## - LANGUAGE CODE
Language code of text/sound track or separate title Kannada
082 ## - DEWEY DECIMAL CLASSIFICATION NUMBER
Classification number K894.9 KRAU
100 ## - MAIN ENTRY--PERSONAL NAME
Personal name KRASHNAMURTI (Ma Su).
Dates associated with a name ಕೃಷ್ಣಮೂರ್ತಿ (ಮಾ ಸು)
9 (RLIN) 235968
245 ## - TITLE STATEMENT
Title Uttarada santa parampare.
Remainder of title ಉತ್ತರದ ಸಂತ ಪರಂಪರೆ.
260 ## - PUBLICATION, DISTRIBUTION, ETC.
Place of publication, distribution, etc. Maisuru.
Name of publisher, distributor, etc. Prasaranga, Maisuru Vishvavidyalaya.
Date of publication, distribution, etc. 2003
300 ## - PHYSICAL DESCRIPTION
Extent viii,432
650 ## - SUBJECT ADDED ENTRY--TOPICAL TERM
Topical term or geographic name entry element Santa Uttara Bharatada sadhu santaru
9 (RLIN) 235969
690 ## - LOCAL SUBJECT ADDED ENTRY--TOPICAL TERM (OCLC, RLIN)
Topical term or geographic name as entry element Kannada Criticism
9 (RLIN) 235970
906 ## - LOCAL DATA ELEMENT F, LDF (RLIN)
a 060437
942 ## - ADDED ENTRY ELEMENTS (KOHA)
Source of classification or shelving scheme Dewey Decimal Classification
Koha item type Book
Holdings
Withdrawn status Lost status Source of classification or shelving scheme Damaged status Not for loan Collection code Home library Current library Shelving location Date acquired Source of acquisition Cost, normal purchase price Total Checkouts Full call number Barcode Date last seen Price effective from Koha item type
    Dewey Decimal Classification     Kannada St Aloysius Library St Aloysius Library   02/17/2021 Prasaranga, Maisuru Vishvavidyalaya , Maisuru. 200.00   K894.9 KRAU 060437 02/17/2021 02/17/2021 Book